000 00873nam a2200277 i 4500
003 EG-GICUC
005 20260416121706.0
008 260218s1965 cc ||||fr|||| 00| 0 fre d
040 _aEG-GiCUC
_bfre
_cEG-GiCUC
_dEG-GiCUC
_eRda
082 0 4 _221
_a341
_bDE
092 0 4 _221
099 _aLaw1 11 341 DE 1965
245 0 0 _aDebat Sur La Ligne Generale Du Mouvement Communiste International.
_b
_c
_n
264 1 _aPekin :
_bEditions en Langues Etrangeres,
_c1965.
300 _a608page :
_billustration ;
_c 24 cm.
336 _2rda contenu
_a texte
337 _2rda medias
_aOrdinateur
338 _2 transporteur rda
_a Ressource en ligne
504 _a
546 _aTexte en français
650 1 4 _aDroit international public
_2
651 1 _2
856 4 0 _uhttps://fll.law.cu.edu.eg/fulltext/bks/B11-07847.pdf
905 _a50
942 _2ddc
_cBK
_e21
_n0
999 _c63709
_d63709